000 01451nam a22002177a 4500
005 20220330160119.0
008 220326b ||||| |||| 00| 0 eng d
020 _a9781292304595
040 _cAL
041 _aeng
082 _223
_a650.1
_bCAMB
100 _aSheila, Cameron
_926144
245 _aBusiness students handbook
_bSkills for study and employment
250 _a7th ed.
260 _aNew York
_bPearson Education
_c2021
300 _axxii,518p.
_bPB
_c24.5x19cm.
365 _2General
_a6471
_b₹2477.23
_c
_d₹3175.94
_e22%
_f12-03-2022
520 _aThe Business Student’s Handbook, 7th Edition, by Cameron brings together personal skills, study skills and employability skills to help students succeed in their academic and professional lives. Designed to support both online and face-to-face study, the book discusses transferable skills such as self-management, teamwork, planning and critical thinking to help you become a highly desirable graduate. A strong emphasis on project management, data analysis, communication skills and presentation skills makes this an essential resource for any business student. The TECHSkills boxes focus on your digital skills to ensure you are making the most of the best tools found online. Additionally, this handbook is all about applying theory to practice and covers up-to-date exercises, practical suggestions and tips.
650 _2Management
_aBusiness
_926145
942 _2ddc
_cBK
999 _c222040
_d222040